Countries By Picture - B - Statistics

General Stats
  • This quiz has been taken 115 times
  • The average score is 5 of 10
Answer Stats
Picture Answer % Correct
Brazil
85%
Bahamas
55%
Bangladesh
54%
Belgium
53%
Bosnia and Herzegovina
53%
Botswana
51%
Bhutan
43%
Bahrain
35%
Belarus
35%
Barbados
32%
No matching quizzes found
Score Distribution
Percent of People with Each Score
Percentile by Number Answered
Your Score History
You have not taken this quiz